Κατάλογος Βιβλιοθηκών Mediterranean College

Οργάνωση και Διοίκηση Σχολικών Μονάδων (Record no. 3646)

MARC details
000 -LEADER
fixed length control field 01585cam a22001934a 4500
005 - ΗΜΕΡΟΜΗΝΙΑ ΚΑΙ ΩΡΑ ΤΕΛΕΥΤΑΙΑΣ ΕΝΗΜΕΡΩΣΗΣ
Πεδίο ελέγχου 20250605164121.0
008 - FIXED-LENGTH DATA ELEMENTS--GENERAL INFORMATION
Πεδίο ελέγχου σταθερού μήκους 250528s ||||||||||||||||||||||||d
035 ## - SYSTEM CONTROL NUMBER
System control number 18278
020 ## - ISBN
ISBN 9602095687
040 ## - ΠΗΓΗ ΚΑΤΑΛΟΓΟΓΡΑΦΗΣΗΣ
Φορέας πρωτότυπης καταλογογράφησης MC Athens Campus Library
Γλώσσα καταλογογράφησης Ελληνικά, Μοντέρνα (1453-)
Modifying agency MC Athens Campus Library
Κανόνες περιγραφικής καταλογογράφησης AACR2
245 1# - ΤΙΤΛΟΣ ΚΑΙ ΔΗΛΩΣΗ ΥΠΕΥΘΥΝΟΤΗΤΑΣ
Τίτλος Οργάνωση και Διοίκηση Σχολικών Μονάδων
260 ## - PUBLICATION, DISTRIBUTION, ETC.
Name of publisher, distributor, etc. Κλειδάριθμος,
Date of publication, distribution, etc. 2002
300 ## - PHYSICAL DESCRIPTION
Extent 272
520 ## - SUMMARY, ETC.
Summary, etc. Το βιβλίο αναλύει τόσο σε θεωρητικό όσο και σε πρακτικό επίπεδο τις βασικές αρχές του management και τον τρόπο δημιουργικής εφαρμογής του στην διεύθυνση της πρωτοβάθμιας και δευτεροβάθμιας εκπαίδευσης. Πρόλογος, Διοίκηση και Εκπαιδευτικοί Οργανισμοί, Η Σχολική Μονάδα ως Κοινωνικό Σύστημα, Θεωρίες και Μοντέλα Διοίκησης, Συμμετοχική Διοίκηση, Δημιουργία και Λειτουργεία Ομάδων, Λήψη Αποφάσεων, Ο Ρόλος του Διευθυντή, Ηγετική Συμπεριφορά του Διευθυντή, Παρώθηση, Διευθέτιση Διαφωνιών και Αντιπαραθέσεων, Επικοινωνία, Επιφέροντας Επιτυχημένες Αλλαγές, Παράρτημα, Βιβλιογραφία.
700 1# - ΠΡΟΣΘΕΤΗ ΑΝΑΓΡΑΦΗ--ΦΥΣΙΚΟ ΠΡΟΣΩΠΟ
Personal name Καμπουρίδης Γεώργιος
9 (RLIN) 2380
942 ## - ADDED ENTRY ELEMENTS (KOHA)
Koha item type Books
Holdings
Τύπος τεκμηρίου Βιβλιοθήκη Τρέχουσα τοποθεσία Barcode Αριθμός εισαγωγής Ημερομηνία απόκτησης Ταξιθετικό σύμβολο Αριθμός αντιτύπου Κατάσταση απόσυρσης Κατάσταση χαμένου Κατάσταση κατεστραμμένου Μη δανεισμός Σύνολο δανεισμών Ημερομηνία τελευταίας εμφάνισης Η τιμή ισχύει από
Books MC Athens Campus Library MC Athens Campus Library 9780000036452 2859 05/06/2025 371.2 KAM 1           05/06/2025 05/06/2025

MC Athens Campus Library
Πατησίων 94 & Κοδριγκτώνος 13, 104 34
Πελλήνης 8 & Πατησίων 107, 112 51
Τ: +30 210 8899600

MC Thessaloniki Campus Library
Ίωνος Δραγούμη 21, 54625 | Ίωνος Δραγούμη 15, 54625
Τ: +30 2310 287779 – Τ: +30 2314 440300